The influence of travel motivations and Islamic religiosity on Islamic travel preference : a comparison between Muslim Malaysian and Iranian university students /
Saved in:
| 主要作者: | |
|---|---|
| 格式: | Thesis 图书 |
| 语言: | English |
| 出版: |
2013.
|
| 主题: | |
| 在线阅读: | http://studentsrepo.um.edu.my/id/eprint/4029 |
| 标签: |
添加标签
没有标签, 成为第一个标记此记录!
|
| LEADER | 01259cam a2200289 a 4500 | ||
|---|---|---|---|
| 001 | u879193 | ||
| 003 | SIRSI | ||
| 005 | 201305061750 | ||
| 008 | 130506s2013 my a t 000 0 eng m | ||
| 040 | |a UMM |d UMK |d AUM |e rda | ||
| 043 | |a a-my--- |d a-ir--- |a aw----- | ||
| 090 | |a HF1008 |b UM 2013 Hem | ||
| 098 | |a HF1008 |b UM 2013 Hem | ||
| 100 | 1 | |a Hemati, Ali. | |
| 245 | 1 | 4 | |a The influence of travel motivations and Islamic religiosity on Islamic travel preference : |b a comparison between Muslim Malaysian and Iranian university students / |c Ali Hemati. |
| 260 | |c 2013. | ||
| 300 | |a 90 leaves : |b ill. ; |c 30 cm. | ||
| 502 | |a Dissertation (M.B.A.) -- Fakulti Perniagaan dan Perakaunan, Universiti Malaya, 2013. | ||
| 504 | |a Bibliography: leaves 77-86. | ||
| 650 | 0 | |a Consumers' preferences |x Psychological aspects |z Islamic countries. | |
| 650 | 0 | |a Tourism |x Religious aspects |x Islam. | |
| 650 | 0 | |a Tourists |z Islamic countries |x Psychology. | |
| 856 | 4 | 1 | |u http://studentsrepo.um.edu.my/id/eprint/4029 |
| 900 | |a US-ZA | ||
| 596 | |a 1 25 | ||
| 999 | |a HF1008 UM 2013 HEM |w LC |c 1 |i A515608025 |d 24/3/2018 |e 24/3/2018 |f 3/10/2013 |g 1 |l STACKS |m P01UTAMA |n 5 |r Y |s Y |t TESIS |u 30/9/2013 | ||
| 999 | |a HF1008 UM 2013 HEM |w LC |c 1 |i A516816603 |l STACKS |m P25UMARCHI |r Y |s Y |t CD |u 10/10/2017 |1 AHSS | ||
